00777nam a2200205 a 450000100060000000300080000600500170001400800410003103500190007204000360009104100080012708200290013510000410016424501740020525000120037926400410039130000430043265000490047565100470052410643BD-RjUL20211208235006.0190303s1917 ii a 001 0 eng d a(BD-RjUL)10691 aEQOcEQObengdBD-RjULdBD-RjUL aeng 223a324.254083bMAI 19171 aMazumdar, Amvika Charan,d1851-1922,10aIndian national evolution :ba brief survey of the origin and progress of the Indian National Congress and the growth of Indian nationalism /cby Amvika Charan Mazumdar. a2nd ed. 1aMadras :bG.A. Natesan & Co.,c1917. a8, 441, lxxiv, xvi p. :bill. ;c19 cm aIndian National CongressvHistoryy1885-1914 0aIndiaxPolitics and governmenty1857-1919.